00341nam a22001097a 4500008004100000082001300041110000900054245009600063260003600159300001000195440002600205230605b xxu||||| |||| 00| 0 eng d a327bDIP d2007 aDiplomatic HistorycThe Journal of the Society for Historians of American Foreign Relations aUSAbBlackwell Publishingc2007 a598 p n3pJunev31x14677709